Il garofano verde : romanzo /

में बचाया:
ग्रंथसूची विवरण
मुख्य लेखक: Hichens, Robert S. (लेखक)
अन्य लेखक: Celletti, Maria
स्वरूप: पुस्तक
भाषा:इतालवी
प्रकाशित: Milano : Longanesi, c1968
श्रृंखला:I libri pocket ; 142
टैग: टैग जोड़ें
कोई टैग नहीं, इस रिकॉर्ड को टैग करने वाले पहले व्यक्ति बनें!

MARC

LEADER 00000nam a22000007i 4500
001 IT\ICCU\LIA\0019107
003 ItRI
005 20250711145424.0
008 900208s1968 it |||||| ||||| |||||c
040 |b ita  |c ct 
041 7 |a ita  |2 ISO-639-2 
082 |a 823  |2 12 
100 1 |a Hichens, Robert S.  |0 IT\ICCU\RAVV\036062  |4 aut 
240 1 4 |a The green carnation  |9 Hichens, Robert S. 
245 1 3 |a Il garofano verde :  |b romanzo /  |c di Robert Hichens ; traduzione di Celletti Marzano. 
260 |a Milano :  |b Longanesi,  |c c1968 
300 |a 254 p. ;  |c 19 cm. 
500 |a In copertina: Il libro più impertinente su Oscar Wilde e Lord Alfred Douglas. 
700 1 |a Celletti, Maria  |0 IT\ICCU\CFIV\103300 
830 2 |a I libri pocket ;  |v 142  |0 IT\ICCU\RAV\0001894 
942 |2 ddc  |c BK 
952 |0 0  |1 0  |2 ddc  |4 0  |6 B_LNR02HICROGAR11  |7 1  |9 4515  |a MI  |b MI  |d 1987-05-31  |i 152  |l 0  |o B-LNR02-HICRO-GAR11  |p CDOM152  |r 2025-07-04 21:34:28  |w 2025-07-04  |x ACQUISTO  |y BK 
952 |0 0  |1 0  |2 ddc  |4 0  |6 B_LNR02HICROGAR12  |7 1  |9 4516  |a MI  |b MI  |d 2006-01-16  |i 401  |l 0  |o B-LNR02-HICRO-GAR12  |p CDOM401  |r 2025-07-04 21:34:28  |w 2025-07-04  |x DONO  |y BK 
981 1 |6 z01  |a i   |b xxxe  
982 1 |6 z01  |a n 
999 |c 4010  |d 4010